| 000 | 00787nam a22002177a 4500 | ||
|---|---|---|---|
| 005 | 20081021102312.0 | ||
| 008 | 081021t xxu||||| |||| 00| 0 eng d | ||
| 010 | _aENG-84200 | ||
| 020 | _a0195668103 | ||
| 020 | _c650.00 (hb) | ||
| 035 | _aEN-67733 | ||
| 082 | _a305.30954 | ||
| 100 | _aReetz, Dietrich | ||
| 245 |
_aIslam in the public sphere: _breligious groups in India, 1900-1947 / _cby Dietrich Reetz |
||
| 260 |
_aNew Delhi _bOxford University Press |
||
| 260 | _c2006 | ||
| 300 |
_axv,379p _c22cm |
||
| 500 | _aIncludes bibliographical references and index | ||
| 942 |
_2ddc _cEN _h305.30954 _mREE |
||
| 999 |
_c17162 _d17162 |
||